US Cities Over 500,000 Population With Longest Names - Statistics

General Stats
  • This quiz has been taken 115 times
  • The average score is 7 of 10
Answer Stats
# of letters city % Correct
12 San Francisco
94%
12 Philadelphia
88%
10 Los Angeles
85%
12 Indianapolis
77%
12 Jacksonville
76%
10 Washington
75%
10 San Antonio
73%
12 Oklahoma City
69%
11 Albuquerque
60%
10 Louisville
42%
No matching quizzes found
Score Distribution
Percent of People with Each Score
Percentile by Number Answered
Your Score History
You have not taken this quiz